000 00597nam a2200205Ia 4500
005 20250729161432.0
008 008 250516s9999 xx 000 0 eng d
020 _a9783031336997
040 _beng
_cSDCL
041 _aeng
_2eng
084 _aB334 R3.2
100 _aTaylor, Michael E.
_9816855
245 0 _aPartial differential equations II :
_bQualitative studies of linear equations
250 _a3rd ed.
260 _aSwitzerland :
_bSpringer,
_c2023.
300 _axxiii, 687p.
490 _aApplied mathematical sciences
650 _aMathematics
_9816856
942 _cTEXL
_2CC
999 _c1430804
_d1430804